MARC details
| 000 -CABECERA |
| campo de control de longitud fija |
02954nam a2200313 i 4500 |
| 003 - IDENTIFICADOR DEL NÚMERO DE CONTROL |
| campo de control |
DO-SdBNP |
| 005 - FECHA Y HORA DE LA ÚLTIMA TRANSACCIÓN |
| campo de control |
20260529122101.0 |
| 007 - CAMPO FIJO DE DESCRIPCIÓN FÍSICA--INFORMACIÓN GENERAL |
| campo de control de longitud fija |
ta |
| 008 - DATOS DE LONGITUD FIJA--INFORMACIÓN GENERAL |
| campo de control de longitud fija |
260528e2025 dr ao||gr|||||||| |bspa d |
| 020 ## - NÚMERO INTERNACIONAL ESTÁNDAR DEL LIBRO |
| Número Internacional Estándar del Libro |
9789945518665. |
| 040 ## - FUENTE DE LA CATALOGACIÓN |
| Centro catalogador/agencia de origen |
DO-SdBNP |
| Lengua de catalogación |
spa |
| Centro/agencia transcriptor |
BNPHU |
| Normas de descripción |
rda |
| 041 ## - CÓDIGO DE LENGUA |
| Código de lengua del texto/banda sonora o título independiente |
spa |
| 082 ## - NÚMERO DE LA CLASIFICACIÓN DECIMAL DEWEY |
| Número de documento/Ítem |
D542r 2025 |
| Número de edición |
22 |
| 100 ## - ENTRADA PRINCIPAL--NOMBRE DE PERSONA |
| Nombre de persona |
Díaz, Carmen |
| 9 (RLIN) |
89784 |
| Término indicativo de función/relación |
autor |
| 245 1# - MENCIÓN DE TÍTULO |
| Título |
La relación médico paciente y la inteligencia artificial / |
| Mención de responsabilidad, etc. |
Carmen Díaz. |
| 264 ## - PRODUCCIÓN, PUBLICACIÓN, DISTRIBUCIÓN, FABRICACIÓN Y COPYRIGHT |
| Producción, publicación, distribución, fabricación y copyright |
Santo Domingo, República Dominicana : |
| Nombre del de productor, editor, distribuidor, fabricante |
Escuela de Autores. |
| -- |
Publicaciones de Libertad, |
| Fecha de producción, publicación, distribución, fabricación o copyright |
2025. |
| 300 ## - DESCRIPCIÓN FÍSICA |
| Extensión |
118 páginas : |
| Otras características físicas |
ilustraciones, fotografías ; |
| Dimensiones |
21 cm. |
| 336 ## - TIPO DE CONTENIDO |
| Término de tipo de contenido |
texto |
| Código de tipo de contenido |
txt |
| Fuente |
rdacontent |
| 337 ## - TIPO DE MEDIO |
| Nombre/término del tipo de medio |
sin mediación |
| Código del tipo de medio |
n |
| Fuente |
rdamedia |
| 338 ## - TIPO DE SOPORTE |
| Nombre/término del tipo de soporte |
volumen |
| Código del tipo de soporte |
nc |
| Fuente |
rdacarrier |
| 500 ## - NOTA GENERAL |
| Nota general |
Incluye biografía de la autora en la parte posterior de la cubierta. |
| 520 ## - SUMARIO, ETC. |
| Sumario, etc. |
Esta obra propone una reflexión ética y humanista sobre el futuro de la medicina en una época donde el algoritmo comienzan a ocupar espacios antes reservados al corazón humano. La interacción entre las personas tiene un valor único. La empatía o la generosidad son sentimientos que la inteligencia artificial aún no puede replicar. Sin embargo, la IA puede convertirse en una herramienta que potencie esas conexiones, ayudando a mantener relaciones a distancia, facilitando el acceso a la información o incluso brindando apoyo emocional en ciertos contextos. La empatía médica es un pilar fundamental en la construcción social de la relación médico-paciente y, por tanto, no puede ponerse en riesgo. Las creencias y percepciones de los pacientes sobre la<br/>empatía médica, así como las actitudes empáticas de los médicos hacia sus pacientes, están influenciadas<br/>por factores socioculturales que modelan sus expectativas. Aunque estas varían según cada cultura, las personas que buscan atención sanitaria valoran profundamente la empatía del personal de salud. La inteligencia artificial puede ser un complemento que enriquezca la conexión humana, pero no reemplaza la calidez, la empatía, la comprensión ni el amor que sólo las personas pueden ofrecer. El pionero de la IA, Geoffrey Hinton, estimó que<br/>existe un riesgo del 10 % al 20 % de que la inteligencia artificial tome el control de los humanos. «La gente aún no lo ha entendido; no ha comprendido lo que viene», advirtió el 26 de abril de 2025 durante el Congreso Mundial de Inteligencia Artificial en Antiope. Estas reflexiones expertas invitan a la humanidad a prepararse para los desafíos que traerá esta tecnología. De ahí la necesidad imperiosa de adquirir nuevos conocimientos en materia de inteligencia artificial, comprendiendo tanto sus beneficios como sus riesgos. |
| 590 ## - NOTA LOCAL (RLIN) |
| Nota local |
Inventariado, 2026/WG. |
| 650 #0 - PUNTO DE ACCESO ADICIONAL DE MATERIA--TÉRMINO DE MATERIA |
| Término de materia o nombre geográfico como elemento de entrada |
Medicina |
| 9 (RLIN) |
12481 |
| 650 #0 - PUNTO DE ACCESO ADICIONAL DE MATERIA--TÉRMINO DE MATERIA |
| Término de materia o nombre geográfico como elemento de entrada |
Ciencias médicas |
| Subdivisión general |
Investigaciones |
| 9 (RLIN) |
10505 |
| 650 #0 - PUNTO DE ACCESO ADICIONAL DE MATERIA--TÉRMINO DE MATERIA |
| Término de materia o nombre geográfico como elemento de entrada |
Pruebas médicas |
| 9 (RLIN) |
89802 |
| 650 #0 - PUNTO DE ACCESO ADICIONAL DE MATERIA--TÉRMINO DE MATERIA |
| Término de materia o nombre geográfico como elemento de entrada |
Inteligencia artificial |
| 9 (RLIN) |
6152 |
| 942 ## - ELEMENTOS DE PUNTO DE ACCESO ADICIONAL (KOHA) |
| Fuente del sistema de clasificación o colocación |
Dewey Decimal Classification |
| Tipo de ítem Koha |
Libro |